01609nam a2200349 i 4500001001000000003000900010005001700019007000300036008004100039040003000080082002900110100005300139245006800192250002100260264004500281300002700326336002700353337003400380338002800414590007600442590002700518650002600545650004000571650002400611700004200635910003300677942001400710952022700724952014600951952014501097999001701242000034780DO-SdBNP20250430155052.0ta111019s1985 dr 000 0 spa d aDO-SdBNPbspacBNPHUerda 4a266.023bT173j, 19852221 aTardif, Emiliano,d1928-19999350304aut.eautor10aJesús está vivo /cEmiliano Tardif, José H. Prado Flores. aCuarta edición 1aSanto Domingo :bAmigo del Hogar,c1985. a158 páginas c21 cm. 2rdacontentatextobtxt 2rdamediaasin mediación bn 2rdacarrieravolumenbnc aPerteneció a la biblioteca personal de Juan Isidro Jimenes Grullón. aInventariado, 2018/ YL 4aEvangelización9476 4aMisionesxIglesia católica935031 0aVida cristiana96681 aPrado Flores, José H.910971eAutor aValidado. Control de calidad 2ddccLBS1 00102ddc51708PDaBNPHUbBNPHUcCTd2011-10-19eDonaciónl0oBNPHU PD 266.023 T173j, 1985p34780-10r2020-06-25w2020-06-25yLBS1zPerteneció a la biblioteca personal de Juan Isidro Jimenes Grullón.ZNo se presta 00102ddc51708PDaBNPHUbBNPHUcMId2018-10-11l0oBNPHU PD 266.023 T173j, 1985p34780-20r2020-06-25te.2w2020-06-25yLBS1ZNo se presta 00102ddc56708DSaBNPHUbBNPHUcCTd2023-10-20edonaciónl0oBNPHU DS 266.023 T173j, 1985p2023-7059r2023-10-20te.3w2023-10-20yLBS1 c34271d34271